| 000 | 00720nam a2200217Ia 4500 | ||
|---|---|---|---|
| 001 | 8092 | ||
| 003 | GE_BSU | ||
| 008 | 181216s||||||||xx |||||||||||||| ||und|| | ||
| 040 | _cGE_BSU | ||
| 080 | _a693(035.5) | ||
| 100 | _aКузьмин,К.Г. Горчаков,Г.И. | ||
| 245 | _aСправочник молодого армартуршика-бетонщика. | ||
| 245 | _cРед.А.Л.Алексеева. | ||
| 250 | _aИзд. 2-е. исправл. и дополненное. | ||
| 260 | _aМ. | ||
| 260 | _bВысш.школа. | ||
| 260 | _c1975. | ||
| 300 | _a288 стр.20 см.с илл. | ||
| 653 | _aСправочник молодого армартуршика-бетонщика. | ||
| 942 | _cBK | ||
| 999 |
_c41430 _d41430 |
||